[Event "Parma Province-ch"]
[Site "Salsomaggiore Terme"]
[Date "2015.03.21"]
[Round "3"]
[White "Shubitidze, Pietro"]
[Black "Fragni, Enrico"]
[Result "0-1"]
[WhiteElo "1368"]
[BlackElo "1575"]
[PlyCount "94"]
[EventDate "2015.03.20"]
[EventType "swiss"]
[EventRounds "5"]
[EventCountry "ITA"]
[SourceTitle "EXT 2017"]
[Source "ChessBase"]
[SourceDate "2016.10.25"]
[SourceVersion "1"]
[SourceVersionDate "2016.10.25"]
[SourceQuality "1"]

1. e4 d6 2. Nc3 c6 3. d3 e5 4. Nf3 Bg4 5. Qe2 Be7 6. Qe3 f5 7. exf5 Bxf5 8. d4 Nd7 9. dxe5 dxe5 10. Bd3 Bxd3 11. cxd3 Bf6 12. b3 Ne7 13. Bb2 Qa5 14. 0-0 0-0 15. a3 Nf5 16. Qe4 Nd6 17. Qe2 Rae8 18. Rae1 Nf5 19. b4 Qd8 20. Qd1 Kh8 21. Re2 Re6 22. Rfe1 Rfe8 23. Re4 Qc7 24. R1e2 b5 25. Qe1 Nh6 26. Nd1 a6 27. d4 Nf7 28. Nc3 Qd6 29. Na2 h6 30. Nc1 Ng5 31. Nxg5 hxg5 32. Nd3 Qd5 33. Nxe5 Bxe5 34. dxe5 c5 35. bxc5 Qxc5 36. g3 Rf8 37. h4 Rf3 38. R2e3 Rf5 39. hxg5 Rxg5 40. f4 Rg4 41. f5 Rxe4 42. fxe6 Rxe3 43. Qf2 Re1+ 44. Kg2 Qd5+ 45. Qf3 Re2+ 46. Kh3 Qxf3 47. exd7 Qh5# 0-1

[Event "Treviso op-B 34th"]
[Site "Treviso"]
[Date "2010.12.05"]
[Round "5.8"]
[White "Lorenzon, Luigi"]
[Black "Fragni, Enrico"]
[Result "1/2-1/2"]
[WhiteElo "1467"]
[BlackElo "1762"]
[PlyCount "63"]
[EventDate "2010.12.03"]
[EventType "swiss"]
[EventRounds "5"]
[EventCountry "ITA"]
[SourceTitle "EXT 2024"]
[Source "ChessBase"]
[SourceDate "2023.10.10"]
[SourceVersion "1"]
[SourceVersionDate "2023.10.10"]
[SourceQuality "1"]

1. e4 c6 2. d4 d6 3. Nf3 Bg4 4. Be2 Nd7 5. Bf4 Bxf3 6. Bxf3 e5 7. dxe5 dxe5 8. Be3 Ngf6 9. Nc3 Bb4 10. 0-0 0-0 11. Qe2 Bxc3 12. bxc3 Qc7 13. Rfd1 b6 14. Rd3 Rfe8 15. Rad1 Nf8 16. Bg5 Qe7 17. Rd6 Ne6 18. Rd7 Qa3 19. Bxf6 gxf6 20. Bh5 Re7 21. Qd2 Kg7 22. Bg4 Rxd7 23. Qxd7 Rd8 24. Qxc6 Rxd1+ 25. Bxd1 Qxa2 26. Kf1 Qa1 27. Ke1 Nc5 28. Kd2 Na4 29. Qc8 Nb2 30. Qg4+ Kf8 31. Qc8+ Ke7 32. Qb7+ 1/2-1/2

[Event "Arco op 31st"]
[Site "Arco"]
[Date "2009.10.18"]
[Round "2"]
[White "Modena, Giorgio"]
[Black "Fragni, Enrico"]
[Result "1-0"]
[WhiteElo "1892"]
[BlackElo "1767"]
[PlyCount "105"]
[EventDate "2009.10.17"]
[EventType "swiss"]
[EventRounds "9"]
[EventCountry "ITA"]
[SourceTitle "EXT 2010"]
[Source "ChessBase"]
[SourceDate "2010.11.25"]
[SourceVersion "1"]
[SourceVersionDate "2010.11.25"]
[SourceQuality "1"]

1. e4 c6 2. d4 d6 3. Bd3 e5 4. Ne2 Bg4 5. f3 Bh5 6. Be3 Nd7 7. Nd2 Be7 8. 0-0 g5 9. Ng3 Bg6 10. Nf5 Bf8 11. Qe2 h6 12. Rad1 Qc7 13. c4 Ngf6 14. b4 a5 15. b5 c5 16. dxc5 dxc5 17. Nb1 b6 18. Nc3 Bxf5 19. exf5 0-0-0 20. Rd2 Bd6 21. Be4 Rhg8 22. Rfd1 Nb8 23. Bf2 h5 24. Rd3 g4 25. Bh4 gxf3 26. Qxf3 Be7 27. Bxf6 Rxd3 28. Rxd3 Bxf6 29. Nd5 Qd8 30. Qxh5 Rg7 31. Qh6 Nd7 32. g3 Rg4 33. Re3 Kb8 34. Re2 Ka7 35. Kg2 Kb8 36. h3 Rg8 37. Qh5 Rg7 38. Qf3 Bh4 39. g4 Nf6 40. Nxf6 Bxf6 41. Bd5 Qc7 42. Qe4 Rg8 43. Re3 Rh8 44. Rd3 Rd8 45. Bc6 Rd4 46. Rxd4 cxd4 47. Ba8 Bg5 48. Kf3 f6 49. Qd5 Ka7 50. Bc6 Bh4 51. Ke4 Bg5 52. Qg8 Qb8 53. Qf7+ 1-0

[Event "ITA-ch qual"]
[Site "Arvier"]
[Date "2009.10.01"]
[Round "6"]
[White "Fragni, Enrico"]
[Black "Trifoni, Giorgio"]
[Result "1-0"]
[WhiteElo "1767"]
[BlackElo "1639"]
[PlyCount "79"]
[EventDate "2009.09.26"]
[EventType "swiss"]
[EventRounds "9"]
[EventCountry "ITA"]
[SourceTitle "CBM 132 Extra"]
[Source "ChessBase"]
[SourceDate "2009.11.03"]
[SourceVersion "1"]
[SourceVersionDate "2009.11.03"]
[SourceQuality "1"]

1. c3 b6 2. d3 Bb7 3. e4 e6 4. Nf3 Ne7 5. Bg5 h6 6. Bh4 d6 7. Be2 Nd7 8. Nbd2 g6 9. Qc2 Bg7 10. 0-0 g5 11. Bg3 Ng6 12. h3 h5 13. Nd4 Be5 14. Nc4 Bxg3 15. fxg3 0-0 16. Bxh5 Kg7 17. Bg4 Nf6 18. Bxe6 Kh8 19. Bf5 Ne5 20. Nxe5 dxe5 21. Nf3 Nh5 22. Kh2 f6 23. Qe2 Ng7 24. Ne1 c5 25. Rd1 Ba6 26. b3 Qe7 27. Nc2 Rad8 28. Ne3 Bb7 29. c4 Qf7 30. Bg4 Bc8 31. Bxc8 Rxc8 32. Nd5 Rc6 33. Rf2 Ne8 34. Rdf1 Qh7 35. Qg4 Qf7 36. Rf5 Qh7 37. Rxg5 Rg8 38. Rxg8+ Qxg8 39. Qxg8+ Kxg8 40. Ne7+ 1-0